| 000 | 01176nam a2200301 i 4500 | ||
|---|---|---|---|
| 001 | 128894 | ||
| 003 | ES-MaACL | ||
| 005 | 20250824075105.0 | ||
| 007 | t| | ||
| 008 | 070529s1964 sp ||||1| spa d | ||
| 080 | _a895.6-2"19" | ||
| 245 | 0 | 0 |
_aTeatro japonés contemporáneo / _ctraducción del japonés por Josefina Keiko Ezaki. |
| 260 |
_aMadrid : _bAguilar, _c[1964] |
||
| 300 |
_a376 p. : _bil. ; _c19 cm. |
||
| 490 | 1 | _aTeatro contemporáneo | |
| 505 | 8 | _aContiene: Historia de Hizen / Chikao Tanaka. La grulla crepuscular / Junji Kinoshita. Aquí está el fantasma / Kobo Abe. La mujer del tambor / María Magdalena Sumie Tanaka. El tifón Kitty / Tsuneari Fukuda | |
| 650 | 1 | 7 |
_aTeatro japonés _2embne _917374 |
| 700 | 1 |
_aKeiko Ezaki, Josefina. _967728 |
|
| 700 | 1 |
_aTanaka, Chikao. _9109175 |
|
| 700 | 1 |
_aKinoshita, Junji. _968080 |
|
| 700 | 1 |
_aAbe, Kôbô, _d1924-1993 _918018 |
|
| 700 | 1 |
_aSumie Tanaka, María Magdalena. _9108771 |
|
| 700 | 1 |
_aFukuda, Tsuneari. _952989 |
|
| 830 | 0 | 0 |
_aTeatro contemporáneo (Aguilar) _9186750 |
| 852 |
_aES-MaACL _jC-27685 _bR.56273 |
||
| 852 |
_aES-MaACL _jC-26880 _bR.55826 |
||
| 999 |
_c128894 _d128894 |
||